000 00748nas a2200253 4500
001 BR9203314
003 BR-BrBNA
005 20231205092628.0
007 ta
008 230509b bl.|||p| |||| 00| 00por d
040 _aBR-BrBNA
_bpor
_cBiblioteca Nacional de Agricultura
041 _a(Pt)
072 _aH20
100 1 _aWink, R.F.
100 1 _aPorto, M.D. de M.
245 1 _aFungos em sementes de duas especies forrageiras no Rio Grande do Sul
650 _aGRAMINEA FORRAGEIRA
650 _aSEMENTE
650 _aFUNGO
650 _aRIO GRANDE DO SUL
773 0 _tAgronomia Sulriograndense (Brazil)
_xISSN 0400-8111
_g(Jan 1988), v. 24(1) p. 55-75
_wBR9203314
909 _a202311
_bLúcia
_c55
_dLúcia Elande
942 _2AGRIS
_n0
_cANA
999 _c132994
_d132994